Normal view MARC view

Entry Corporate Name

Number of records used in: 7

001 - CONTROL NUMBER

  • control field: 28471

003 - CONTROL NUMBER IDENTIFIER

  • control field: dpl

005 - DATE AND TIME OF LATEST TRANSACTION

  • control field: 20110607105738.0

008 - FIXED-LENGTH DATA ELEMENTS

  • fixed length control field: 110607|||a|||||| | ||| d

040 ## - CATALOGING SOURCE

  • Original cataloging agency: dpl
  • Transcribing agency: dpl

110 ## - HEADING--CORPORATE NAME

  • Corporate name or jurisdiction name as entry element: College of Fort St. George (Madras, India)

670 ## - SOURCE DATA FOUND

  • Source citation: Work cat.: (dpl)31397: Saxena, Jyotsna 28470, Quality concerns in professional education /, 2010

670 ## - SOURCE DATA FOUND

  • Source citation: Work cat.: (dpl)31397: Saxena, Jyotsna 28470, Quality concerns in professional education /, 2010

© Delhi Public Library
Hit Counter
free hit counter